000 00475nam a2200169Ia 4500
003 SGT
020 _a9788131705858
082 _a621.381
_bRAO
100 _aRao,B Visvesvara
245 _aElectronic devices and circuits
250 _a2nd Ed.
260 _bPearson
_aN.Delhi
_c2011
300 _a408p.
650 _aELECTRONICS
653 _aELCTRON DYNAMICS AND CATHODE RAY, SEMICONDUCTOR DIODES TRANSISTORS,AMPLIFIERS USING BIPOLR JUNCTION TRANSISTORS
942 _2ddc
_cBK
999 _c5560
_d5560